[Event "Open Vysočina 2017"]
[Site "Třebíč"]
[Date "2017.09.28"]
[Round "7"]
[White "Spanton, Tim R"]
[Black "Brasoy, Aksel"]
[Result "1-0"]
[WhiteElo "1858"]
[BlackElo "1964"]
[PlyCount "81"]
[EventDate "2017.09.23"]

1. c4 {[%emt 0:00:00]} e5 2. Nc3 Nc6 3. g3 Bc5 4. Bg2 d6 5. e3 a6 6. Nge2 Ba7
7. O-O Nge7 8. d4 O-O 9. d5 Nb8 10. b4 Nd7 11. Bb2 f5 12. Qb3 Kh8 13. Rac1 Ng6
14. Rce1 f4 15. exf4 exf4 16. Nxf4 Nxf4 17. gxf4 Rxf4 18. Na4 Ne5 19. Bxe5 dxe5
20. Nc5 Bxc5 21. bxc5 Qf6 22. Re4 Rxe4 23. Bxe4 Rb8 24. Qd3 g6 25. Rb1 Bf5 26.
a4 a5 27. c6 b6 28. c5 Bxe4 29. Qxe4 Rf8 30. cxb6 cxb6 31. Qe3 Qd6 32. Rb5 Rf4
33. Qxb6 Qf6 34. c7 Qg5+ 35. Kf1 Rf8 36. Qc5 Rxf2+ 37. Qxf2 Qc1+ 38. Kg2 Qg5+
39. Kh1 Qc1+ 40. Qg1 Qxc7 41. Qc5 1-0

[Event "Open Vysočina 2017"]
[Site "Třebíč"]
[Date "2017.09.28"]
[Round "7"]
[White "Leutwyler, Mathias"]
[Black "Navratil-Sen., Jiri"]
[Result "1-0"]
[WhiteElo "2103"]
[BlackElo "2013"]
[PlyCount "43"]
[EventDate "2017.09.23"]

1. e4 c6 2. d4 d5 3. exd5 Qxd5 4. Nc3 Qa5 5. Bc4 Nf6 6. Bd2 Qb6 7. Nf3 Bg4 8.
Bxf7+ Kxf7 9. Ne5+ Kg8 10. Nxg4 Qxd4 11. Nxf6+ exf6 12. Qe2 Qe5 13. Qxe5 fxe5
14. O-O-O Nd7 15. Bg5 Nb6 16. Rhe1 h6 17. Bh4 Bb4 18. Rxe5 Bxc3 19. bxc3 g5 20.
Bg3 Rh7 21. Rd6 Rf8 22. Rg6+ 1-0

[Event "Open Vysočina 2017"]
[Site "Třebíč"]
[Date "2017.09.28"]
[Round "7"]
[White "Kalveus, Jan"]
[Black "Haag, Guenter"]
[Result "1-0"]
[WhiteElo "1867"]
[BlackElo "1978"]
[PlyCount "39"]
[EventDate "2017.09.23"]

1. d4 d6 2. Nf3 Bg4 3. h3 Bxf3 4. gxf3 e5 5. dxe5 dxe5 6. Qxd8+ Kxd8 7. f4 Bd6
8. Bg2 c6 9. fxe5 Bxe5 10. Nd2 Ne7 11. Ne4 Bc7 12. Be3 Nd7 13. O-O-O Ke8 14.
Nd6+ Bxd6 15. Rxd6 Nf5 16. Rd3 f6 17. Rhd1 Nb6 18. Bxb6 axb6 19. Rd7 Ne7 20.
Rxb7 1-0

[Event "Open Vysočina 2017"]
[Site "Třebíč"]
[Date "2017.09.28"]
[Round "7"]
[White "Svizensky, Lubos"]
[Black "Zeleny, Tomas"]
[Result "1-0"]
[WhiteElo "1976"]
[BlackElo "1688"]
[PlyCount "119"]
[EventDate "2017.09.23"]

1. d4 d5 2. Nf3 e6 3. c4 c6 4. Nc3 f5 5. Bf4 Nf6 6. c5 Be7 7. e3 O-O 8. h3 Ne4
9. Qc1 Nd7 10. Bd3 Qe8 11. b4 Qg6 12. g3 Qf7 13. h4 b6 14. Ne5 Nxe5 15. Bxe5 a5
16. a3 b5 17. O-O a4 18. Kg2 Bd7 19. f3 Nxc3 20. Qxc3 Bf6 21. Bd6 Be7 22. Be5
Bf6 23. Bf4 Qg6 24. Rh1 h5 25. Rag1 Kf7 26. Kf2 Ke8 27. Ke1 Kd8 28. g4 Qe8 29.
gxf5 exf5 30. Kd2 Kc8 31. Bg5 Qf7 32. f4 Kb7 33. Rg3 Rg8 34. Qc1 g6 35. Rhg1
Bxg5 36. Rxg5 Rg7 37. R1g3 Rag8 38. Qg1 Ka6 39. Be2 Qe7 40. Qg2 Re8 41. Qg1
Reg8 42. Rxg6 Rxg6 43. Rxg6 Re8 44. Rg5 Rh8 45. Bf3 Rh7 46. Qg3 Be8 47. Rg8 Qe6
48. Rg7 Rh8 49. Qg5 Bf7 50. Qg1 Re8 51. Rg5 Rh8 52. Be2 Qf6 53. Bd3 Be6 54. Qg3
Rh6 55. Qh3 Qe7 56. Qg3 Qf6 57. Rg7 Bf7 58. Qg5 Qe6 59. Bxf5 Qf6 60. Bc8+ 1-0

[Event "Open Vysočina 2017"]
[Site "Třebíč"]
[Date "2017.09.28"]
[Round "7"]
[White "Svoboda, Ivo"]
[Black "Keerthana, Easwar"]
[Result "0-1"]
[WhiteElo "1949"]
[BlackElo "1159"]
[PlyCount "53"]
[EventDate "2017.09.23"]

1. e4 {[%emt 0:00:00]} e5 2. Nf3 Nc6 3. Bb5 a6 4. Ba4 Nf6 5. O-O b5 6. Bb3 d6
7. a4 Bb7 8. d4 exd4 9. c3 dxc3 10. Nxc3 b4 11. Nd5 Be7 12. Re1 O-O 13. a5 Re8
14. Qc2 Nxd5 15. Bxd5 Qd7 16. Qc4 Bf6 17. Bd2 Bxb2 18. Rab1 Ba3 19. Bxc6 Bxc6
20. Bxb4 Bxb4 21. Qxb4 h6 22. h3 Rab8 23. Qd4 Rxb1 24. Rxb1 Bxe4 25. Re1 Bxf3
26. Rxe8+ Qxe8 27. gxf3 0-1

[Event "Open Vysočina 2017"]
[Site "Třebíč"]
[Date "2017.09.28"]
[Round "7"]
[White "Rychtecky, Pavel"]
[Black "Mezlik, Stanislav"]
[Result "0-1"]
[WhiteElo "1527"]
[BlackElo "1903"]
[PlyCount "88"]
[EventDate "2017.09.23"]

1. e4 {[%emt 0:00:00]} c6 2. d4 d5 3. Nc3 dxe4 4. Nxe4 Bf5 5. Ng3 Bg6 6. Nf3
Nd7 7. h4 h6 8. h5 Bh7 9. Bd3 Bxd3 10. Qxd3 e6 11. Bd2 Ngf6 12. c4 Be7 13.
O-O-O O-O 14. Ne4 Nxe4 15. Qxe4 Nf6 16. Qe2 Kh8 17. Kb1 Qc7 18. Ne5 Bd6 19. f4
Rad8 20. Bc3 b5 21. Qe1 Qb7 22. Bb4 bxc4 23. Bxd6 Rxd6 24. Nxc4 Rd5 25. Ne5 Rb5
26. Qc3 Nd5 27. Qc1 Rb8 28. Rd2 Kg8 29. Rf1 c5 30. dxc5 Qa6 31. b3 Qa5 32. Nc4
Qc7 33. g3 Rxc5 34. Rc2 Nb4 35. Rc3 Qc6 36. Rd1 Rd5 37. a3 Rxd1 38. Qxd1 Qe4+
39. Ka1 Nd5 40. Rd3 Qf5 41. Nd6 Qf6+ 42. Ka2 Nc3+ 43. Rxc3 Qxc3 44. Ne4 Qc6 0-1

[Event "Open Vysočina 2017"]
[Site "Třebíč"]
[Date "2017.09.28"]
[Round "7"]
[White "Oburka, Vladislav"]
[Black "Reimer, Karl"]
[Result "1-0"]
[WhiteElo "1808"]
[BlackElo "1537"]
[PlyCount "99"]
[EventDate "2017.09.23"]

1. e4 {[%emt 0:00:00]} c5 2. c3 d6 3. d4 cxd4 4. cxd4 Nf6 5. Nc3 g6 6. Nf3 Bg7
7. h3 O-O 8. Be3 h6 9. Qd2 Kh7 10. Bd3 Nc6 11. a3 a6 12. O-O e6 13. Bc2 Bd7 14.
Rad1 Qc7 15. Nh2 Rac8 16. f4 Na5 17. Bd3 Nc4 18. Bxc4 Qxc4 19. e5 Nd5 20. Nxd5
Qxd5 21. Ng4 f5 22. exf6 Bxf6 23. Nxf6+ Rxf6 24. Rc1 Bc6 25. Kh2 Rff8 26. Rg1
Bd7 27. Qb4 Rxc1 28. Rxc1 Bc6 29. Qd2 Rc8 30. Rf1 Rf8 31. Rf3 Qb5 32. Rg3 Qd5
33. Qe2 Qf5 34. Qd2 Qd5 35. Qb4 a5 36. Qc3 Rc8 37. Qd3 Qe4 38. Qd2 Qf5 39. b4
axb4 40. Qxb4 Qd5 41. a4 Bd7 42. a5 Rc2 43. Qb3 Rc8 44. a6 Qc6 45. Qb1 Be8 46.
a7 d5 47. Qb4 Qd7 48. Qf8 Ra8 49. f5 Qg7 50. fxg6+ 1-0

[Event "Open Vysočina 2017"]
[Site "Třebíč"]
[Date "2017.09.28"]
[Round "7"]
[White "Tarimo, Didik Widiarso"]
[Black "Dhruv, Easwar"]
[Result "1/2-1/2"]
[WhiteElo "1542"]
[BlackElo "1781"]
[PlyCount "103"]
[EventDate "2017.09.23"]

1. d4 Nf6 2. Bf4 d5 3. e3 g6 4. Nc3 c6 5. Be2 Bg7 6. Nf3 O-O 7. Ne5 Bf5 8. g4
Be6 9. h4 Nfd7 10. h5 Nxe5 11. Bxe5 Bxe5 12. dxe5 Nd7 13. hxg6 hxg6 14. f4 Qb6
15. Qd2 Nc5 16. O-O-O Ne4 17. Nxe4 dxe4 18. Rh3 Kg7 19. Qc3 Rh8 20. Rg3 Kf8 21.
Rf1 Rg8 22. b3 Ke8 23. Kb2 Rd8 24. Rgg1 Kd7 25. Rd1+ Kc8 26. Rd4 Rxd4 27. exd4
Rd8 28. Rd1 Kb8 29. Qe3 Rc8 30. c4 Rh8 31. Rd2 Rh2 32. Rc2 Rh4 33. Qxe4 Bxg4
34. Bxg4 Rxg4 35. Rh2 g5 36. c5 Qd8 37. Rf2 e6 38. Qe3 gxf4 39. Rxf4 Qg5 40.
Rf3 Qxe3 41. Rxe3 Rxd4 42. Rf3 Rd5 43. b4 Rd7 44. Kc3 Kc7 45. Kc4 Kd8 46. a4
Ke7 47. b5 cxb5+ 48. axb5 Rd1 49. Ra3 Rc1+ 50. Kd4 Rd1+ 51. Kc4 Rc1+ 52. Kd4
1/2-1/2

[Event "Open Vysočina 2017"]
[Site "Třebíč"]
[Date "2017.09.28"]
[Round "7"]
[White "Stork, Rostislav"]
[Black "Navratilova, Alena"]
[Result "1/2-1/2"]
[WhiteElo "1764"]
[BlackElo "1692"]
[PlyCount "47"]
[EventDate "2017.09.23"]

1. e4 {[%emt 0:00:00]} e6 2. d3 d5 3. Nd2 Nd7 4. Ngf3 dxe4 5. dxe4 h6 6. g3 Ne7
7. Bg2 e5 8. O-O Ng6 9. Re1 Be7 10. c3 O-O 11. Qe2 c6 12. Nc4 Qc7 13. h4 Nf6
14. Nh2 Re8 15. Ne3 Bf8 16. Nf5 Ne7 17. g4 Ng6 18. g5 hxg5 19. Bxg5 Nf4 20. Qf3
N6h5 21. Ng4 Bxf5 22. exf5 f6 23. Bxf4 Nxf4 24. Re4 1/2-1/2

[Event "Open Vysočina 2017"]
[Site "Třebíč"]
[Date "2017.09.28"]
[Round "7"]
[White "Svoboda, Frantisek"]
[Black "Micka, Josef"]
[Result "1-0"]
[WhiteElo "1725"]
[BlackElo "1345"]
[PlyCount "53"]
[EventDate "2017.09.23"]

1. f4 {[%emt 0:00:00]} d6 2. b3 Nf6 3. Bb2 g6 4. Nf3 Bg7 5. e3 O-O 6. Be2 c5 7.
h3 a5 8. a4 Nbd7 9. O-O b6 10. d3 Bb7 11. c4 Nh5 12. Bxg7 Kxg7 13. Qe1 f5 14.
Ng5 Rf6 15. Qh4 Qe8 16. g4 Nf8 17. gxh5 h6 18. Nf3 gxh5 19. Kh2 Bxf3 20. Bxf3
Rd8 21. Nc3 e5 22. Nd5 Rg6 23. Bxh5 exf4 24. Bxg6 Nxg6 25. Qf6+ Kh7 26. Qxf5
fxe3 27. Nf6+ 1-0

[Event "Open Vysočina 2017"]
[Site "Třebíč"]
[Date "2017.09.28"]
[Round "7"]
[White "Norlander, Svante"]
[Black "Aird, Ian"]
[Result "0-1"]
[WhiteElo "1583"]
[BlackElo "1809"]
[PlyCount "48"]
[EventDate "2017.09.23"]

1. e4 e5 2. Nc3 Nf6 3. f4 d5 4. exd5 exf4 5. Nf3 Be7 6. Bc4 c6 7. d3 cxd5 8.
Bb5+ Nc6 9. Bxf4 O-O 10. Bxc6 bxc6 11. d4 Ba6 12. Ne5 Rc8 13. Qf3 Qb6 14. Rd1
Qxb2 15. g4 Bb4 16. Bd2 Bxc3 17. Bxc3 Qxc2 18. Bb4 Rfe8 19. Rg1 c5 20. Rg2 Qe4+
21. Qxe4 Nxe4 22. Bxc5 Nxc5 23. Rf2 f6 24. Rc1 Nd3+ 0-1

[Event "Open Vysočina 2017"]
[Site "Třebíč"]
[Date "2017.09.28"]
[Round "7"]
[White "Zacharias, Miroslav"]
[Black "Privoznik, Lubos"]
[Result "0-1"]
[WhiteElo "1777"]
[BlackElo "1658"]
[PlyCount "152"]
[EventDate "2017.09.23"]

1. e4 {[%emt 0:00:00]} e6 2. d4 d5 3. Nd2 dxe4 4. Nxe4 Nd7 5. Nf3 Ngf6 6. Ng3
c5 7. c3 cxd4 8. Nxd4 Bc5 9. Be2 O-O 10. O-O Qb6 11. Nb3 Be7 12. Be3 Qc7 13.
Bg5 h6 14. Bd2 b6 15. Bf3 Bb7 16. Bxb7 Qxb7 17. Qe2 Rfe8 18. Rad1 Nf8 19. Kh1
Ng6 20. f4 Bd6 21. Be3 Nd5 22. Nh5 Rad8 23. Bc1 Nh4 24. Qg4 Ng6 25. f5 exf5 26.
Rxf5 Be5 27. Rdf1 Qd7 28. Qh3 Re7 29. Nd4 Nf6 30. Nxf6+ Bxf6 31. Be3 Nh4 32.
Bxh6 Nxf5 33. Nxf5 Re5 34. g4 Qd5+ 35. Kg1 Qe4 36. Bf4 Red5 37. Ng3 Qc4 38. Qg2
Rd1 39. Qf3 Rxf1+ 40. Nxf1 Qd3 41. Ne3 Qb1+ 42. Nf1 Qxa2 43. g5 Be7 44. Qe2
Bc5+ 45. Be3 Bxe3+ 46. Nxe3 Qe6 47. Kf2 Re8 48. Qf3 Qg6 49. h4 Rd8 50. Qe2 Re8
51. Qf3 Qd6 52. Ke2 Qh2+ 53. Qf2 Qxf2+ 54. Kxf2 Re4 55. Ng2 Kh7 56. Kf3 Ra4 57.
Nf4 Ra2 58. Nd3 Kg6 59. Kg4 f6 60. h5+ Kf7 61. g6+ Kg8 62. Kf3 a5 63. Ke4 Ra4+
64. b4 Ra3 65. Kd4 a4 66. c4 Ra1 67. c5 bxc5+ 68. bxc5 a3 69. c6 a2 70. Ke3
Re1+ 71. Nxe1 a1=Q 72. Nd3 Qc3 73. c7 Qxc7 74. Nf4 Qe5+ 75. Kf3 f5 76. Kg3 Qe3+
0-1

[Event "Open Vysočina 2017"]
[Site "Třebíč"]
[Date "2017.09.28"]
[Round "7"]
[White "Sebek, Pavel"]
[Black "Michalek, Miroslav"]
[Result "0-1"]
[WhiteElo "1487"]
[BlackElo "1720"]
[PlyCount "68"]
[EventDate "2017.09.23"]

1. e4 {[%emt 0:00:00]} e5 2. a3 Nf6 3. d3 Nc6 4. Be3 d6 5. Be2 Be6 6. Nc3 Be7
7. Nf3 h6 8. d4 exd4 9. Nxd4 Nxd4 10. Bxd4 O-O 11. O-O d5 12. e5 Ne4 13. Nxe4
dxe4 14. c3 f5 15. f4 c5 16. Be3 Qe8 17. Qc2 Qf7 18. c4 Rfd8 19. Rad1 b6 20. b3
g5 21. h3 Qg7 22. Kh2 gxf4 23. Bxf4 Bg5 24. g3 Rd4 25. Qc1 Rad8 26. Rg1 Kh7 27.
Rxd4 cxd4 28. h4 Be7 29. Bxh6 Qxh6 30. Qxh6+ Kxh6 31. a4 d3 32. Bd1 e3 33. Bf3
e2 34. Kg2 Bb4 0-1

[Event "Open Vysočina 2017"]
[Site "Třebíč"]
[Date "2017.09.28"]
[Round "7"]
[White "Ruzicka, Vaclav"]
[Black "Divis, Jan"]
[Result "1-0"]
[WhiteElo "1528"]
[BlackElo "1570"]
[PlyCount "195"]
[EventDate "2017.09.23"]

1. d4 Nf6 2. c4 e6 3. Nf3 d5 4. g3 c6 5. Qc2 Na6 6. a3 Be7 7. Bg2 Qa5+ 8. Bd2
Qd8 9. O-O Ne4 10. Bf4 O-O 11. c5 Nc7 12. a4 h6 13. Nc3 Nxc3 14. Qxc3 Ne8 15.
b4 a6 16. Qd3 Nf6 17. Ne5 Nh5 18. Bd2 Bd7 19. Nxd7 Qxd7 20. f4 f5 21. h3 Nf6
22. Kh2 Ne4 23. Be1 Rf7 24. Bf3 g5 25. e3 Rg7 26. Ra2 Qe8 27. Rg1 h5 28. Kh1 g4
29. Bg2 Kf7 30. h4 Bd8 31. Bf1 Kg8 32. Rgg2 b6 33. cxb6 Bxb6 34. Rgc2 Bd8 35.
Kg2 Rc7 36. Ra1 Nd6 37. Qa3 Qd7 38. Rac1 Nc4 39. Bxc4 dxc4 40. Rxc4 Qd5+ 41.
Kg1 Be7 42. Qb2 Rb8 43. Qg2 Rbc8 44. Qxd5 exd5 45. R4c2 Kf8 46. b5 axb5 47.
axb5 Ba3 48. Ra1 Be7 49. Ba5 Ra7 50. b6 Rb7 51. Rac1 Ba3 52. Rxc6 Rxc6 53. Rxc6
Ke7 54. Rh6 Kd7 55. Rxh5 Bc1 56. Kf2 Kc6 57. Rxf5 Rd7 58. Rf6+ Kb5 59. Bc3 Re7
60. Be1 Bxe3+ 61. Kf1 Bxd4 62. Rf5 Bxb6 63. Rxd5+ Kc6 64. Rg5 Ra7 65. Rg6+ Kb5
66. Bf2 Ra1+ 67. Kg2 Bxf2 68. Kxf2 Ra2+ 69. Ke1 Ra1+ 70. Kd2 Ra2+ 71. Kc1 Kc4
72. Kb1 Rg2 73. Rc6+ Kd5 74. Rc3 Ke4 75. h5 Rh2 76. Rc5 Kf3 77. Rg5 Rh3 78. f5
Kxg3 79. f6 Kf4 80. Rg8 Rxh5 81. f7 Rf5 82. f8=Q Rxf8 83. Rxf8+ Kg3 84. Kc2 Kg2
85. Kd2 g3 86. Ke2 Kg1 87. Kf3 g2 88. Rg8 Kh1 89. Kf2 g1=Q+ 90. Rxg1+ Kh2 91.
Rg8 Kh3 92. Kf3 Kh4 93. Kf4 Kh5 94. Rg4 Kh6 95. Rg5 Kh7 96. Kf5 Kh8 97. Rg2 Kh7
98. Kf6 1-0

[Event "Open Vysočina 2017"]
[Site "Třebíč"]
[Date "2017.09.28"]
[Round "7"]
[White "Kovacs, Ivan"]
[Black "Palla, Ivan"]
[Result "0-1"]
[WhiteElo "1552"]
[BlackElo "1550"]
[PlyCount "84"]
[EventDate "2017.09.23"]

1. d4 f5 2. e3 Nf6 3. c4 e6 4. Nf3 Be7 5. Bd3 b6 6. O-O Bb7 7. b3 O-O 8. Bb2
Nc6 9. a4 Nb4 10. Ba3 Nxd3 11. Qxd3 Be4 12. Bxe7 Bxd3 13. Bxd8 Bxf1 14. Bxf6
Bxg2 15. Bxg7 Bxf3 16. Bxf8 Kxf8 17. Nc3 a6 18. h4 Ke7 19. Kh2 Rg8 20. Rg1 Rxg1
21. Kxg1 a5 22. Kh2 h5 23. Kg3 Bb7 24. Kf4 Kf6 25. f3 d5 26. Nb5 c6 27. Nd6 Ba6
28. cxd5 cxd5 29. Ne8+ Kf7 30. Nc7 Be2 31. Ke5 Bd1 32. Nxe6 Bxb3 33. Kxf5 Bxa4
34. Nf4 Bd1 35. Nxd5 b5 36. Nc3 Bc2+ 37. e4 b4 38. Kg5 bxc3 39. d5 Ba4 40. e5
c2 41. e6+ Ke7 42. Kxh5 c1=Q 0-1

[Event "Open Vysočina 2017"]
[Site "Třebíč"]
[Date "2017.09.28"]
[Round "7"]
[White "Zeleny, Ondrej"]
[Black "Zelena, Irena"]
[Result "1/2-1/2"]
[WhiteElo "1356"]
[BlackElo "1164"]
[PlyCount "216"]
[EventDate "2017.09.23"]

1. Nf3 {[%emt 0:00:00]} Nf6 2. d4 Nc6 3. c4 d5 4. cxd5 Nxd5 5. e4 Ndb4 6. d5
Na5 7. Qa4+ Bd7 8. Qxb4 b6 9. Bb5 e6 10. Bxd7+ Qxd7 11. Qd4 exd5 12. Qxd5 Qxd5
13. exd5 O-O-O 14. O-O Rxd5 15. Nc3 Rh5 16. Bf4 Bc5 17. Rad1 Nc4 18. b3 Nd6 19.
Bxd6 Bxd6 20. Ne4 Be7 21. Rfe1 Bb4 22. Re3 Bc5 23. Nxc5 Rxc5 24. Re7 Rd8 25.
Rxd8+ Kxd8 26. Re5 Rc1+ 27. Re1 Rc2 28. h3 Rxa2 29. Ng5 Kc8 30. Nxf7 Rb2 31.
Re3 Rb1+ 32. Kh2 Rb2 33. Kg3 a5 34. Ne5 Rd2 35. Rc3 Rd5 36. Nc4 Rg5+ 37. Kf3
Rg6 38. g3 Kb7 39. Ne3 b5 40. Nd5 c6 41. Nf4 Rf6 42. Ke3 b4 43. Rc5 Kb6 44. Kd4
Rd6+ 45. Kc4 Rd2 46. Rf5 Rc2+ 47. Kd3 Rb2 48. Ne2 Rxb3+ 49. Kc4 Rb2 50. Nd4 a4
51. Re5 a3 52. Re1 c5 53. Ne6 a2 54. Ra1 b3 55. Nxc5 Rb1 56. Nxb3 Rb2 57. f4
Kc6 58. Nc1 Rb1 59. Nb3 Rb2 60. Kc3 Rg2 61. Nd4+ Kd5 62. Nf5 Ke4 63. g4 Kxf4
64. Kb3 Rh2 65. Rxa2 Rxh3+ 66. Kc4 g6 67. Nd4 Kxg4 68. Ra7 Rh1 69. Kd3 h5 70.
Rg7 Rh3+ 71. Ke2 g5 72. Ne6 Rh2+ 73. Kf1 Kf3 74. Nxg5+ Ke3 75. Re7+ Kf4 76.
Ne6+ Kf5 77. Nd4+ Kf6 78. Re4 h4 79. Nf3 Rh1+ 80. Kg2 Kf5 81. Rb4 Ra1 82. Nxh4+
Kg5 83. Nf3+ Kf6 84. Rb5 Ra2+ 85. Kg3 Re2 86. Kf4 Re6 87. Rf5+ Ke7 88. Kg5 Rd6
89. Nh4 Kd7 90. Ng6 Kc7 91. Kh6 Kc6 92. Kg7 Rd7+ 93. Kf8 Rd8+ 94. Ke7 Rd7+ 95.
Kf8 Rd8+ 96. Kf7 Rd7+ 97. Ne7+ Kd6 98. Rd5+ Kc7 99. Rc5+ Kd6 100. Rc6+ Ke5 101.
Ke8 Rd6 102. Rc5+ Ke6 103. Rc4 Ke5 104. Rc5+ Ke6 105. Rc3 Kf6 106. Rh3 Re6 107.
Kd8 Rxe7 108. Rh6+ Kg7 1/2-1/2

[Event "Open Vysočina 2017"]
[Site "Třebíč"]
[Date "2017.09.29"]
[Round "8"]
[White "Plischki, Sebastian"]
[Black "Bick, Gabriel J"]
[Result "1/2-1/2"]
[WhiteElo "2397"]
[BlackElo "2264"]
[PlyCount "112"]
[EventDate "2017.09.23"]

1. d4 {[%emt 0:00:00]} Nf6 2. c4 g6 3. Nc3 Bg7 4. e4 d6 5. Be2 O-O 6. Be3 e5 7.
d5 Na6 8. g4 Nc5 9. f3 h5 10. g5 Nh7 11. h4 f6 12. gxf6 Bxf6 13. Bf2 Be7 14.
Kd2 Bd7 15. Kc2 Na4 16. Nxa4 Bxa4+ 17. b3 Be8 18. Kb2 c5 19. Qf1 a6 20. a4 Rb8
21. Qg2 Kg7 22. Bd3 Rf7 23. Ne2 Nf8 24. Kc2 Bf6 25. Nc3 b6 26. Qg3 Be7 27. Be3
Bf6 28. Rag1 Kg8 29. Bd2 Bg7 30. Rb1 Kh7 31. b4 Bh6 32. Bxh6 Kxh6 33. bxc5 bxc5
34. Qg5+ Kg7 35. Qxd8 Rxd8 36. Be2 Kf6 37. Rb6 Ra7 38. Kd3 Ke7 39. a5 Nd7 40.
Rb2 Raa8 41. Rhb1 Rdb8 42. Bf1 Rxb2 43. Rxb2 Rb8 44. Rxb8 Nxb8 45. Ke3 Kf6 46.
Kf2 Bd7 47. Kg3 Ke7 48. Nb1 Bc8 49. Nd2 Kf6 50. f4 Bg4 51. Nf3 Nd7 52. Ng5
exf4+ 53. Kxf4 Ne5 54. Nh7+ Kg7 55. Ng5 Kf6 56. Nh7+ Kg7 1/2-1/2

[Event "Open Vysočina 2017"]
[Site "Třebíč"]
[Date "2017.09.29"]
[Round "8"]
[White "Certek, Pavel"]
[Black "Freeland, Alex"]
[Result "1-0"]
[WhiteElo "2277"]
[BlackElo "1988"]
[PlyCount "79"]
[EventDate "2017.09.23"]

1. d4 {[%emt 0:00:00]} Nf6 2. c4 e6 3. Nf3 b6 4. e3 Bb7 5. Bd3 Be7 6. Nc3 d5 7.
O-O O-O 8. b3 c5 9. Bb2 cxd4 10. exd4 Nc6 11. Qe2 Rc8 12. Rac1 dxc4 13. bxc4
Nb4 14. Bb1 Ba6 15. Nb5 Bxb5 16. cxb5 Nbd5 17. Ne5 Bd6 18. g3 Rxc1 19. Rxc1 Qa8
20. Rc6 Rd8 21. Rc1 Bf8 22. Qc4 g6 23. Bd3 Bg7 24. Bf1 Ne7 25. Bg2 Nfd5 26. Nc6
Nxc6 27. bxc6 Nc7 28. a4 Rd6 29. a5 Qd8 30. axb6 axb6 31. Rd1 Bf6 32. Bf3 Bg7
33. Kg2 Kh8 34. Qb4 b5 35. Qc5 f5 36. Ra1 Rxd4 37. Bxd4 Qxd4 38. Qe7 h5 39. Rd1
Qe5 40. Rd7 1-0

[Event "Open Vysočina 2017"]
[Site "Třebíč"]
[Date "2017.09.29"]
[Round "8"]
[White "Piankov, Evgenij"]
[Black "Walek, Petr"]
[Result "1-0"]
[WhiteElo "2258"]
[BlackElo "2167"]
[PlyCount "91"]
[EventDate "2017.09.23"]

1. d4 {[%emt 0:00:00]} Nf6 2. Nf3 g6 3. g3 Bg7 4. Bg2 O-O 5. O-O d6 6. c4 Nbd7
7. Nc3 e5 8. h3 exd4 9. Nxd4 Re8 10. b3 a6 11. Bb2 Ne5 12. Qd2 Rb8 13. Rad1 Bf8
14. Nd5 c5 15. Nxf6+ Qxf6 16. Nf3 Qe7 17. Nxe5 dxe5 18. Qe3 Bg7 19. Rd5 b6 20.
Rfd1 h5 21. Rd6 Bf5 22. Kh2 Kh7 23. Be4 Be6 24. Bc6 Red8 25. Bxe5 Bh6 26. Qc3
Qg5 27. Rxd8 Rxd8 28. Bf6 Rxd1 29. Bxg5 Bxg5 30. e3 h4 31. g4 Rd6 32. Bd5 Bxd5
33. Qe5 Rf6 34. f4 Bc6 35. Qxg5 Kg7 36. Qxh4 Rd6 37. Qe1 Rd3 38. h4 Bf3 39. Kg3
Be4 40. f5 gxf5 41. Kf4 Rd6 42. gxf5 Bc6 43. Qc3+ Kg8 44. Qe5 Rh6 45. Qe7 Bh1
46. e4 1-0

[Event "Open Vysočina 2017"]
[Site "Třebíč"]
[Date "2017.09.29"]
[Round "8"]
[White "Bartos, Jan"]
[Black "Pribyl, Josef"]
[Result "1/2-1/2"]
[WhiteElo "2209"]
[BlackElo "2263"]
[PlyCount "24"]
[EventDate "2017.09.23"]

1. d4 Nf6 2. c4 e6 3. Nf3 b6 4. g3 Bb7 5. Bg2 Be7 6. O-O O-O 7. Nc3 Ne4 8. Bd2
f5 9. Ne5 Nxc3 10. Bxc3 Bxg2 11. Kxg2 Bf6 12. Nd3 Nc6 1/2-1/2

[Event "Open Vysočina 2017"]
[Site "Třebíč"]
[Date "2017.09.29"]
[Round "8"]
[White "Spanton, Tim R"]
[Black "Siebenburger, Vlastimil"]
[Result "0-1"]
[WhiteElo "1858"]
[BlackElo "2059"]
[PlyCount "46"]
[EventDate "2017.09.23"]

1. c4 {[%emt 0:00:00]} c6 2. e4 d5 3. exd5 cxd5 4. d4 Nf6 5. Nc3 e6 6. Nf3 Nc6
7. c5 Ne4 8. Bb5 Bd7 9. O-O Be7 10. Bd2 O-O 11. Bxc6 Bxc6 12. b4 a5 13. a3 Bf6
14. Qe2 Qd7 15. Ne5 Bxe5 16. dxe5 Nxc3 17. Bxc3 Bb5 18. Qg4 Bxf1 19. Rxf1 axb4
20. axb4 Qb5 21. f4 Qd3 22. Rf3 Qd1+ 23. Kf2 d4 0-1

[Event "Open Vysočina 2017"]
[Site "Třebíč"]
[Date "2017.09.29"]
[Round "8"]
[White "Pavlis, Jaromir"]
[Black "Leutwyler, Mathias"]
[Result "1/2-1/2"]
[WhiteElo "1879"]
[BlackElo "2103"]
[PlyCount "61"]
[EventDate "2017.09.23"]

1. Nf3 c5 2. d4 d5 3. Bf4 Nf6 4. e3 Nc6 5. c3 Qb6 6. Qb3 c4 7. Qxb6 axb6 8. Na3
Na7 9. Be2 b5 10. Nc2 Bf5 11. Rc1 Nc6 12. a3 Bxc2 13. Rxc2 Ne4 14. O-O f6 15.
Nd2 Nxd2 16. Rxd2 h5 17. h3 g5 18. Bh2 e6 19. f4 Bg7 20. Bf3 gxf4 21. exf4 f5
22. Re1 Kf7 23. g4 hxg4 24. hxg4 Ne7 25. Rde2 Ra6 26. Bg3 Bf6 27. g5 Bg7 28.
Rh2 Rxh2 29. Kxh2 Ng6 30. Bh5 Bf8 31. Kg2 1/2-1/2

[Event "Open Vysočina 2017"]
[Site "Třebíč"]
[Date "2017.09.29"]
[Round "8"]
[White "Lampir, Tomas"]
[Black "Kalveus, Jan"]
[Result "1-0"]
[WhiteElo "2077"]
[BlackElo "1867"]
[PlyCount "81"]
[EventDate "2017.09.23"]

1. e4 {[%emt 0:00:00]} e6 2. d4 d5 3. Nc3 Bb4 4. e5 c5 5. a3 cxd4 6. axb4 dxc3
7. bxc3 Qc7 8. Nf3 Qxc3+ 9. Bd2 Qc7 10. Bd3 Ne7 11. O-O Ng6 12. Re1 Nd7 13. h4
Nb6 14. h5 Ne7 15. Nd4 Bd7 16. Qg4 Kf8 17. b5 Qc8 18. Bb4 Qe8 19. Re3 Nc4 20.
Rg3 g6 21. Re1 Rg8 22. Rf3 a5 23. bxa6 Rxa6 24. Qf4 Ra4 25. hxg6 hxg6 26. c3
Rxb4 27. cxb4 Nf5 28. Bxf5 gxf5 29. Qh6+ Ke7 30. Rh3 Kd8 31. Ra1 Kc7 32. Rc3
Rg6 33. Qc1 Qg8 34. g3 Rg4 35. Ne2 Re4 36. Nf4 Qg4 37. Qd2 Kb8 38. Qc1 Nxe5 39.
Qa3 Bc6 40. b5 Rxf4 41. Qd6+ 1-0

[Event "Open Vysočina 2017"]
[Site "Třebíč"]
[Date "2017.09.29"]
[Round "8"]
[White "Keerthana, Easwar"]
[Black "Heppell, Ian N"]
[Result "0-1"]
[WhiteElo "1159"]
[BlackElo "2034"]
[PlyCount "110"]
[EventDate "2017.09.23"]

1. e4 c5 2. c3 g6 3. d4 cxd4 4. cxd4 d5 5. Nc3 dxe4 6. Nxe4 Bg7 7. Nf3 Nd7 8.
Bb5 Qa5+ 9. Nc3 Ngf6 10. O-O O-O 11. Re1 e6 12. Bd2 Rd8 13. Qe2 a6 14. Bxd7
Bxd7 15. Ne4 Qd5 16. Nxf6+ Bxf6 17. Bc3 Bc6 18. Red1 Rd7 19. Qe3 Rad8 20. a3
Kg7 21. Rd2 h6 22. Rdd1 Qf5 23. h3 Bxf3 24. Qxf3 Qxf3 25. gxf3 e5 26. d5 Rxd5
27. Rxd5 Rxd5 28. Re1 g5 29. Re4 Kg6 30. Rc4 Rd7 31. Kg2 Kf5 32. Kg3 h5 33. Kh2
Ke6 34. Re4 Bg7 35. Kg2 f5 36. Ra4 h4 37. Kh2 Bf8 38. Ra5 Rd5 39. Rxd5 Kxd5 40.
Kg2 Bc5 41. Kf1 b6 42. Ke2 a5 43. Kf1 Bd4 44. Bxd4 Kxd4 45. Ke2 Kc4 46. Kd2 Kb3
47. Kc1 a4 48. Kb1 g4 49. hxg4 h3 50. gxf5 h2 51. Kc1 h1=Q+ 52. Kd2 Qxf3 53.
Ke1 Kc2 54. f6 Kd3 55. f7 Qe2# 0-1

[Event "Open Vysočina 2017"]
[Site "Třebíč"]
[Date "2017.09.29"]
[Round "8"]
[White "Mezlik, Stanislav"]
[Black "Svizensky, Lubos"]
[Result "1/2-1/2"]
[WhiteElo "1903"]
[BlackElo "1976"]
[PlyCount "38"]
[EventDate "2017.09.23"]

1. Nf3 {[%emt 0:00:00]} d5 2. g3 Bf5 3. Bg2 Nf6 4. O-O c5 5. d3 Nc6 6. Nbd2 Qd7
7. Re1 e5 8. c4 d4 9. a3 a5 10. Qa4 Ra7 11. Nh4 Bh3 12. Bh1 Bd6 13. Ne4 Nxe4
14. Bxe4 O-O 15. Bd2 Be7 16. Nf3 Bd6 17. Ng5 Bf5 18. Bd5 h6 19. Ne4 Rd8 1/2-1/2

[Event "Open Vysočina 2017"]
[Site "Třebíč"]
[Date "2017.09.29"]
[Round "8"]
[White "Navratil-Sen., Jiri"]
[Black "Svoboda, Frantisek"]
[Result "1-0"]
[WhiteElo "2013"]
[BlackElo "1725"]
[PlyCount "27"]
[EventDate "2017.09.23"]

1. d4 {[%emt 0:00:00]} f5 2. Nf3 Nf6 3. h3 e6 4. Bf4 b6 5. e3 Bb7 6. Nbd2 Be7
7. c3 O-O 8. Bd3 h6 9. Rg1 d6 10. g4 Ne4 11. gxf5 Nxd2 12. Nxd2 Bh4 13. Qg4 g5
14. Qxh4 1-0